[Event "OLBA 2122 SK Ettlingen - SC Emmendingen"]
[Site "?"]
[Date "2022.03.06"]
[Round "8.1"]
[White "Cvitan, Ognjen"]
[Black "Rosner, Jonas"]
[Result "1-0"]
[WhiteElo "2458"]
[BlackElo "2466"]
[PlyCount "107"]
[EventDate "2022.??.??"]

1. d4 d5 2. c4 c6 3. Nf3 Nf6 4. Nc3 e6 5. e3 Nbd7 6. Bd3 dxc4 7. Bxc4 b5 8. Bd3
Bd6 9. O-O O-O 10. b3 Bb7 11. Bb2 a6 12. a4 Qe7 13. Rc1 Rac8 14. Qe2 Rfe8 15.
Ne4 Nxe4 16. Bxe4 Nf6 17. Bd3 Nd5 18. Rfd1 Nb4 19. Bb1 bxa4 20. bxa4 a5 21. Nd2
Ba6 22. Nc4 Bc7 23. h3 Red8 24. Qf3 Rb8 25. Ba3 c5 26. dxc5 Rxd1+ 27. Qxd1 Qxc5
28. Bb2 Bxc4 29. Qg4 Be5 30. Rxc4 Qd6 31. Bxh7+ Kf8 32. Bd4 Bxd4 33. Rxd4 Qe5
34. Be4 f5 35. Qh5 Kg8 36. g4 Rf8 37. gxf5 Nd5 38. Qg6 Nf4 39. exf4 Qxd4 40.
fxe6 Rxf4 41. Qe8+ Rf8 42. Bh7+ Kxh7 43. Qxf8 Qa1+ 44. Kg2 Qxa4 45. Qf5+ Kg8
46. Qf7+ Kh7 47. e7 Qe4+ 48. Kg3 Qe5+ 49. Kf3 Qc3+ 50. Kg2 Qc6+ 51. f3 Qc2+ 52.
Kg3 Qc7+ 53. Kg4 Qc8+ 54. Qf5+ 1-0

[Event "OLBA 2122 SK Ettlingen - SC Emmendingen"]
[Site "?"]
[Date "2022.03.06"]
[Round "8.2"]
[White "Arnold, Max"]
[Black "Maier, Christian"]
[Result "1/2-1/2"]
[WhiteElo "2324"]
[BlackElo "2292"]
[PlyCount "82"]
[EventDate "2022.??.??"]

1. e4 e5 2. Bc4 Nf6 3. d3 Bc5 4. Nc3 c6 5. Bb3 d5 6. Nf3 Qd6 7. exd5 cxd5 8.
Bg5 Be6 9. O-O Nbd7 10. d4 exd4 11. Nb5 Qb6 12. Nbxd4 O-O 13. h3 Ne4 14. Be3
Ndf6 15. Qd3 Rad8 16. Rfe1 a6 17. c3 Qd6 18. Nc2 Rfe8 19. Rad1 Bxh3 20. gxh3
Nxf2 21. Kxf2 Ne4+ 22. Kf1 Qg3 23. Bxc5 Qxh3+ 24. Kg1 Qg3+ 25. Kh1 Nxc5 26. Qf5
g6 27. Rg1 Ne4 28. Rdf1 gxf5 29. Ncd4 Rd6 30. Nxf5 Qxg1+ 31. Rxg1+ Rg6 32.
Rxg6+ hxg6 33. N5d4 Nf6 34. Kg2 Kg7 35. Nd2 Kh6 36. Kf3 Kg5 37. Nf1 Kh6 38. Ne3
Re5 39. Kf4 Re4+ 40. Kf3 Re5 41. Kf4 Re4+ 1/2-1/2

[Event "OLBA 2122 SK Ettlingen - SC Emmendingen"]
[Site "?"]
[Date "2022.03.06"]
[Round "8.3"]
[White "Weidemann, Joerg"]
[Black "Werner, Clemens"]
[Result "1/2-1/2"]
[WhiteElo "2317"]
[BlackElo "2259"]
[PlyCount "28"]
[EventDate "2022.??.??"]

1. e4 c6 2. Nc3 d5 3. Nf3 dxe4 4. Nxe4 Nf6 5. Qe2 Bg4 6. h3 Bh5 7. d3 e6 8. Ng3
Bg6 9. Ne5 Nbd7 10. Nxg6 hxg6 11. Ne4 Nxe4 12. Qxe4 Be7 13. g3 Nf6 14. Qf3 Rh5
1/2-1/2

[Event "OLBA 2122 SK Ettlingen - SC Emmendingen"]
[Site "?"]
[Date "2022.03.06"]
[Round "8.4"]
[White "Nippgen, Georg"]
[Black "Bauer, Andreas"]
[Result "1/2-1/2"]
[WhiteElo "2236"]
[BlackElo "2273"]
[PlyCount "67"]
[EventDate "2022.??.??"]

1. c4 c5 2. Nf3 Nc6 3. b3 e5 4. d3 g6 5. Nc3 Bg7 6. e4 Nge7 7. h4 h5 8. Be2 d6
9. Nd5 f6 10. Bd2 Rb8 11. a3 a5 12. a4 b6 13. Be3 Rb7 14. Nd2 Nd4 15. Bxd4 exd4
16. f4 Nxd5 17. cxd5 f5 18. Bf3 O-O 19. g3 b5 20. axb5 Rxb5 21. O-O Bf6 22. Nc4
fxe4 23. dxe4 Bh3 24. Rf2 d3 25. e5 dxe5 26. fxe5 Bxh4 27. gxh4 Qxh4 28. Raa2
a4 29. Qxd3 Qg3+ 30. Rg2 Bxg2 31. Rxg2 Qe1+ 32. Kh2 Qh4+ 33. Kg1 Qe1+ 34. Kh2
1/2-1/2

[Event "OLBA 2122 SK Ettlingen - SC Emmendingen"]
[Site "?"]
[Date "2022.03.06"]
[Round "8.5"]
[White "Kiefer, Gerhard"]
[Black "Wehner, Roland"]
[Result "1-0"]
[WhiteElo "2226"]
[BlackElo "2263"]
[PlyCount "120"]
[EventDate "2022.??.??"]

1. e4 e6 2. d4 d5 3. Nc3 Nf6 4. Bg5 Bb4 5. e5 h6 6. Bd2 Bxc3 7. bxc3 Ne4 8. Bd3
Nxd2 9. Qxd2 c5 10. dxc5 Qa5 11. Nf3 Qxc5 12. O-O Bd7 13. Rab1 b6 14. Rb4 Nc6
15. Rg4 Kf8 16. Qf4 Ne7 17. Nd4 Qxc3 18. Rg3 Qc8 19. Qg4 g6 20. Qh4 Qd8 21. Qf6
Rg8 22. Qf4 Rh8 23. Bxg6 Nf5 24. Bxf5 exf5 25. e6 Bxe6 26. Qe5 Ke7 27. Nxf5+
Kd7 28. Qd6+ Kc8 29. Rc3+ Kb7 30. Qc6+ Kb8 31. Nd4 Re8 32. Qb5 Qd7 33. Qb4 Rc8
34. Rxc8+ Kxc8 35. Qf8+ Kb7 36. Qxh6 Rc8 37. Re1 Bf5 38. Qf6 Re8 39. Re5 Bg6
40. h4 Ka6 41. h5 Bxh5 42. Rxh5 Re1+ 43. Kh2 Qc7+ 44. g3 Qc4 45. Rh4 Rd1 46.
Qf4 Qf1 47. Qf3 Qg1+ 48. Kh3 Qf1+ 49. Qg2 Qc4 50. c3 Qxc3 51. Qxd5 Qc8+ 52. Kg2
Qc1 53. Qb5+ Kb7 54. Nf3 a6 55. Qf5 Qc7 56. Qe4+ Qc6 57. Qxc6+ Kxc6 58. Ne5+
Kd5 59. Nxf7 b5 60. Rh6 Ra1 1-0

[Event "OLBA 2122 SK Ettlingen - SC Emmendingen"]
[Site "?"]
[Date "2022.03.06"]
[Round "8.6"]
[White "Mader, Manuela"]
[Black "Vatter, Hans-Joachim"]
[Result "1-0"]
[WhiteElo "2197"]
[BlackElo "2222"]
[PlyCount "67"]
[EventDate "2022.??.??"]

1. e4 e6 2. d4 d5 3. Nd2 dxe4 4. Nxe4 Nd7 5. Nf3 Ngf6 6. Ng3 c5 7. c3 Bd6 8.
Bd3 O-O 9. O-O b6 10. Re1 Bb7 11. Ne5 cxd4 12. cxd4 Rc8 13. Bg5 Be7 14. Qe2
Nxe5 15. dxe5 Nd5 16. Bh6 Re8 17. Qg4 g6 18. Rad1 Qc7 19. a3 Bf8 20. Bxf8 Kxf8
21. Bb5 Red8 22. Qg5 Qe7 23. Qh6+ Kg8 24. Ne4 f5 25. Nd6 Rc5 26. Rc1 Qc7 27.
Be8 Rxd6 28. exd6 Rxc1 29. Rxc1 Qxd6 30. Rd1 Qe5 31. Qd2 Nf6 32. Bb5 Qxb5 33.
Qd8+ Ne8 34. Rd7 1-0

[Event "OLBA 2122 SK Ettlingen - SC Emmendingen"]
[Site "?"]
[Date "2022.03.06"]
[Round "8.7"]
[White "Herbrechtsmeier, Christof"]
[Black "Zeier, Klaus"]
[Result "1-0"]
[WhiteElo "2128"]
[BlackElo "2203"]
[PlyCount "85"]
[EventDate "2022.??.??"]

1. e4 e5 2. Nf3 Nc6 3. Bc4 Nf6 4. Ng5 d5 5. exd5 Na5 6. Bb5+ c6 7. dxc6 bxc6 8.
Be2 h6 9. Nf3 e4 10. Ne5 Bd6 11. d4 exd3 12. Nxd3 Qc7 13. b3 O-O 14. Bb2 Re8
15. Bxf6 gxf6 16. Qd2 Bg4 17. f3 Bf5 18. Nc3 Bxd3 19. cxd3 Bf4 20. Qc2 Qe5 21.
Kf1 c5 22. g3 Be3 23. f4 Qd4 24. Bf3 Rad8 25. Rd1 f5 26. Kg2 Re6 27. Rhe1 Nc6
28. Bxc6 Rxc6 29. Re2 Re6 30. Rde1 Rde8 31. Kh3 Qg7 32. Nd5 Bd4 33. Kg2 Qg4 34.
Rxe6 Rxe6 35. Rxe6 fxe6 36. Ne7+ Kf7 37. Nc6 Qg7 38. Qc4 Qf6 39. b4 Be3 40.
Ne5+ Kg7 41. bxc5 Qe7 42. d4 Kf6 43. c6 1-0

[Event "OLBA 2122 SK Ettlingen - SC Emmendingen"]
[Site "?"]
[Date "2022.03.06"]
[Round "8.8"]
[White "Gebhardt, Ulrich"]
[Black "Deutschmann, Matthias"]
[Result "1-0"]
[WhiteElo "2056"]
[BlackElo "2161"]
[PlyCount "125"]
[EventDate "2022.??.??"]

1. d4 Nf6 2. c4 g6 3. Nc3 d5 4. Bf4 Bg7 5. e3 O-O 6. Qb3 dxc4 7. Bxc4 c6 8. Nf3
b5 9. Be2 Be6 10. Qc2 Nd5 11. Nxd5 cxd5 12. O-O Qb6 13. Rfc1 Na6 14. Qc6 Qxc6
15. Rxc6 Nb4 16. Rc7 Rfc8 17. Bxb5 Rxc7 18. Bxc7 Rc8 19. Ba5 Nc6 20. Bd2 Nb8
21. Rc1 Rxc1+ 22. Bxc1 Bd7 23. Bd3 f6 24. Kf1 Bc6 25. Ke2 e5 26. Bc2 Nd7 27.
Bb3 e4 28. Nd2 f5 29. f3 Kf8 30. Nb1 Ke7 31. Bd2 Bb5+ 32. Kf2 Nb6 33. Bb4+ Ke6
34. Bc5 Bc4 35. Bxc4 dxc4 36. fxe4 fxe4 37. Nc3 Kf5 38. Nb5 Na4 39. Nd6+ Ke6
40. Nxc4 Nxc5 41. dxc5 Kd5 42. b3 Kxc5 43. Ke2 Bf6 44. Kd2 Kd5 45. Kc2 h5 46.
Nb2 Be5 47. h3 Ke6 48. Nd1 Kf5 49. Nc3 Bd6 50. Nd5 g5 51. Nc3 Bc5 52. Ne2 Bxe3
53. Ng3+ Kg6 54. Nxe4 Kf5 55. Kd3 Bf4 56. b4 Be5 57. b5 g4 58. hxg4+ Kxg4 59.
a4 h4 60. a5 Bc7 61. a6 Bb6 62. Ke2 Kf4 63. Nd6 1-0

[Event "OLBA 2122 Karlsruher SF 1853 - SC Bromb"]
[Site "?"]
[Date "2022.03.06"]
[Round "8.1"]
[White "Brunner, Nicolas"]
[Black "Ruff, Maximilian"]
[Result "1-0"]
[WhiteElo "2427"]
[BlackElo "2295"]
[PlyCount "87"]
[EventDate "2022.??.??"]

1. d4 Nf6 2. c4 e6 3. Nf3 d5 4. Nc3 Nbd7 5. Bg5 Be7 6. e3 h6 7. Bh4 O-O 8. Rc1
c5 9. cxd5 Nxd5 10. Bxe7 Nxe7 11. Be2 b6 12. O-O Bb7 13. dxc5 Nxc5 14. b4 Nd7
15. Nb5 Nf6 16. Qxd8 Rfxd8 17. Rc7 Rd7 18. Rfc1 Rc8 19. Rxc8+ Bxc8 20. Nbd4
Nfd5 21. Ne5 Rd6 22. a3 a6 23. Bf3 Bb7 24. h4 Kf8 25. g4 Rd8 26. Kh2 Rc8 27.
Rxc8+ Nxc8 28. Nc4 Ke7 29. Kg3 f6 30. h5 Ba8 31. Bg2 Kd7 32. f4 b5 33. Nd2 Ncb6
34. N2b3 Na4 35. f5 exf5 36. Nxf5 Bc6 37. Nbd4 Nab6 38. Nxg7 Nc4 39. Nxc6 Kxc6
40. Nf5 Ncb6 41. Ne7+ Kd6 42. Nxd5 Nxd5 43. Bxd5 Kxd5 44. Kf4 1-0

[Event "OLBA 2122 Karlsruher SF 1853 - SC Bromb"]
[Site "?"]
[Date "2022.03.06"]
[Round "8.2"]
[White "Arnold, Lothar"]
[Black "Haag, Gregor"]
[Result "1/2-1/2"]
[WhiteElo "2324"]
[BlackElo "2392"]
[PlyCount "77"]
[EventDate "2022.??.??"]

1. e4 c5 2. Nf3 e6 3. d4 cxd4 4. Nxd4 Nc6 5. Nb5 d6 6. c4 Nf6 7. N1c3 a6 8. Na3
Be7 9. Be2 O-O 10. O-O b6 11. Be3 Bb7 12. Qd2 Ne5 13. f3 d5 14. cxd5 b5 15.
Rfd1 exd5 16. Nxd5 Bxd5 17. exd5 Bd6 18. Kh1 Re8 19. Bf1 Ng6 20. Nc2 Re5 21.
Qf2 Rc8 22. Rac1 Rxd5 23. Nd4 Bf4 24. Rxc8 Qxc8 25. Rc1 Qd7 26. Bxf4 Nxf4 27.
g3 g6 28. Nb3 Ne6 29. Bh3 Kg7 30. Qe2 Nf4 31. gxf4 Qxh3 32. Qe3 Rh5 33. Qf2 Qf5
34. Qe3 Nd5 35. Qd4+ Kh6 36. Qc5 Kg7 37. Qd4+ Kh6 38. Qc5 Kg7 39. Qd4+ 1/2-1/2

[Event "OLBA 2122 Karlsruher SF 1853 - SC Bromb"]
[Site "?"]
[Date "2022.03.06"]
[Round "8.3"]
[White "Schweizer, Simon"]
[Black "Pfatteicher, Lukas"]
[Result "1/2-1/2"]
[WhiteElo "2165"]
[BlackElo "2153"]
[PlyCount "172"]
[EventDate "2022.??.??"]

1. e4 c5 2. Nf3 d6 3. d4 cxd4 4. Nxd4 Nf6 5. Nc3 g6 6. Be3 Bg7 7. f3 O-O 8. Qd2
Nc6 9. O-O-O Nxd4 10. Bxd4 Be6 11. h4 Qa5 12. Qg5 Qxg5+ 13. hxg5 Nh5 14. Bb5 f6
15. gxf6 Bxf6 16. Bxf6 Nxf6 17. e5 dxe5 18. Rhe1 Rad8 19. Rxe5 Rxd1+ 20. Kxd1
Rd8+ 21. Ke2 Kf7 22. Bd3 b6 23. a4 Nd7 24. Rb5 Nc5 25. b4 Nxd3 26. cxd3 Rc8 27.
Kd2 Bd7 28. Re5 Bc6 29. a5 Kf6 30. d4 Rd8 31. Kd3 e6 32. b5 Bd5 33. a6 h5 34.
Ke3 Rd7 35. g3 Rd8 36. f4 Rd7 37. Kd3 Rd8 38. Nd1 Rd7 39. Ne3 Bf3 40. Rg5 Bd5
41. Re5 Bf3 42. Nc2 Bd5 43. Nb4 Rd6 44. Kc3 Rd7 45. Rg5 Be4 46. Re5 Bd5 47. Kb2
Rd6 48. Nc2 Rd7 49. Nb4 Rd6 50. Kc3 Rd7 51. Kd2 Rd6 52. Ke3 Rd7 53. Rg5 Bb3 54.
Nc6 Bc2 55. Nb4 Bf5 56. Nc6 Rc7 57. d5 exd5 58. Kd4 Rd7 59. Ne5 Rc7 60. Kxd5
Rc5+ 61. Kd6 Rxb5 62. Nxg6 Ra5 63. Ne7 Bd3 64. Nd5+ Kf7 65. Rxh5 Rxa6 66. f5
b5+ 67. Ke5 Bc4 68. Rh7+ Kf8 69. Rb7 Ra5 70. Nf4 b4+ 71. Kf6 Ra6+ 72. Ne6+ Bxe6
73. fxe6 Rb6 74. Rxa7 Rb8 75. Ra2 b3 76. Rb2 Rb4 77. Rh2 Kg8 78. Rb2 Kf8 79.
Rd2 Rb8 80. Rb2 Rb4 81. Rh2 Kg8 82. Rd2 b2 83. Rd8+ Kh7 84. Rd7+ Kg8 85. Rd8+
Kh7 86. Rd7+ Kh8 1/2-1/2

[Event "OLBA 2122 Karlsruher SF 1853 - SC Bromb"]
[Site "?"]
[Date "2022.03.06"]
[Round "8.4"]
[White "Joeres, Stefan"]
[Black "Jaeggi, Dorian"]
[Result "1-0"]
[WhiteElo "2178"]
[BlackElo "2345"]
[PlyCount "89"]
[EventDate "2022.??.??"]

1. e4 c5 2. Nf3 e6 3. d4 cxd4 4. Nxd4 Nc6 5. Nc3 Qc7 6. Be3 a6 7. Bd3 Nf6 8.
O-O Ne5 9. Nf3 Ng6 10. Na4 Ng4 11. Bb6 Qb8 12. h3 N4e5 13. Be3 Qc7 14. Nxe5
Nxe5 15. f4 Ng6 16. Qf3 b5 17. Nb6 Rb8 18. Nxc8 Bc5 19. Bxc5 Qxc5+ 20. Qf2 Rxc8
21. a4 O-O 22. Qxc5 Rxc5 23. axb5 axb5 24. Ra7 d5 25. exd5 Rxd5 26. Rb7 Rd4 27.
Bxg6 fxg6 28. Rxb5 Rfxf4 29. Rxf4 Rxf4 30. Rb3 Rd4 31. Rd3 Ra4 32. b3 Ra2 33.
Rc3 Kf7 34. Kf2 Kf6 35. Ke3 Ra1 36. b4 Ke5 37. b5 Ra7 38. Rc5+ Kd6 39. Rc6+ Ke5
40. b6 Ra4 41. Rc3 Re4+ 42. Kd2 Rb4 43. Rb3 Rd4+ 44. Kc3 Rd8 45. Kc4 1-0

[Event "OLBA 2122 Karlsruher SF 1853 - SC Bromb"]
[Site "?"]
[Date "2022.03.06"]
[Round "8.5"]
[White "Ruefenacht, Matthias"]
[Black "Pfrommer, Christoph"]
[Result "1/2-1/2"]
[WhiteElo "2286"]
[BlackElo "2281"]
[PlyCount "73"]
[EventDate "2022.??.??"]

1. e4 c6 2. d4 d5 3. Nc3 dxe4 4. Nxe4 Nf6 5. Nxf6+ exf6 6. c3 Bd6 7. Bd3 O-O 8.
Qf3 Re8+ 9. Ne2 Qc7 10. h3 Nd7 11. O-O Nf8 12. Bf4 Ng6 13. Bxd6 Qxd6 14. Rfe1
Be6 15. Qg3 Qxg3 16. fxg3 Bd5 17. Kf2 Kf8 18. a3 a5 19. Nf4 Nxf4 20. gxf4 Rxe1
21. Rxe1 b5 22. Be4 b4 23. Bxd5 cxd5 24. axb4 axb4 25. Ke3 bxc3 26. bxc3 Ke7
27. Re2 f5 28. Rb2 Ra3 29. Kd3 h5 30. h4 g6 31. Rc2 Kd6 32. Rb2 Ra1 33. Rb6+
Kd7 34. Rb7+ Ke6 35. Rb6+ Kd7 36. Rb7+ Ke6 37. Rb6+ 1/2-1/2

[Event "OLBA 2122 Karlsruher SF 1853 - SC Bromb"]
[Site "?"]
[Date "2022.03.06"]
[Round "8.6"]
[White "Koll, Lukas"]
[Black "Resa, Tobias"]
[Result "1/2-1/2"]
[WhiteElo "2060"]
[BlackElo "2140"]
[PlyCount "115"]
[EventDate "2022.??.??"]

1. c4 g6 2. g3 Bg7 3. Bg2 c5 4. Nc3 Nc6 5. e3 Nf6 6. Nge2 O-O 7. O-O d6 8. b3
Rb8 9. d3 Bd7 10. Bb2 a6 11. a4 b6 12. Rb1 Qc8 13. Nf4 Nb4 14. Ncd5 Nfxd5 15.
Nxd5 Nxd5 16. Bxd5 e6 17. Bxg7 Kxg7 18. Bf3 Rd8 19. Qe2 Qc7 20. Rfd1 Bc6 21.
Qb2+ e5 22. Bxc6 Qxc6 23. d4 Qe4 24. Rd2 h5 25. Qc2 Qxc2 26. Rxc2 a5 27. Rd1
Kf6 28. Rcd2 Ke7 29. dxe5 dxe5 30. Rd5 Rxd5 31. Rxd5 f6 32. f3 h4 33. g4 g5 34.
Kf2 Ke6 35. Rd3 Rf8 36. Ke2 Rf7 37. h3 Rf8 38. Rd2 Re8 39. Rd5 Rf8 40. Kd3 Re8
41. Ke4 Rf8 42. f4 exf4 43. exf4 Rg8 44. Kf3 Ke7 45. Ke4 Ke6 46. fxg5 fxg5 47.
Rf5 Rg7 48. Rf8 Rd7 49. Re8+ Kf6 50. Rb8 Rd4+ 51. Ke3 Rd6 52. Rf8+ Kg7 53. Rf5
Re6+ 54. Kd3 Kg6 55. Rf3 Kg7 56. Rf5 Kg6 57. Rd5 Kf6 58. Rf5+ 1/2-1/2

[Event "OLBA 2122 Karlsruher SF 1853 - SC Bromb"]
[Site "?"]
[Date "2022.03.06"]
[Round "8.7"]
[White "Paul, Mathias"]
[Black "Koll, Linus"]
[Result "0-1"]
[WhiteElo "2066"]
[BlackElo "1970"]
[PlyCount "158"]
[EventDate "2022.??.??"]

1. e4 c5 2. Nc3 Nc6 3. g3 g6 4. Bg2 Bg7 5. d3 d6 6. Be3 Nf6 7. h3 Nd4 8. Qd2
Rb8 9. Nd1 e5 10. c3 Ne6 11. Ne2 d5 12. exd5 Nxd5 13. Bh6 O-O 14. Bxg7 Kxg7 15.
Ne3 Nxe3 16. fxe3 b6 17. O-O-O b5 18. g4 Ba6 19. h4 Qa5 20. b3 Rfd8 21. Qb2 Qb6
22. Rhf1 c4 23. d4 b4 24. cxb4 Qxb4 25. d5 c3 26. Nxc3 Bxf1 27. Bxf1 Nc5 28.
Bc4 a5 29. Ne4 Nxe4 30. Qxe5+ Nf6 31. g5 Qa3+ 32. Kb1 Qd6 33. gxf6+ Qxf6 34.
Qxf6+ Kxf6 35. Rf1+ Kg7 36. Kc2 Rb6 37. Kd3 Rf6 38. Re1 Rf2 39. a4 Rh2 40. Kd4
Rxh4+ 41. Kc5 g5 42. e4 g4 43. e5 g3 44. d6 Rg4 45. Kc6 h5 46. Bd5 Rd4 47. Bg2
Rd2 48. Rg1 Rc2+ 49. Kb6 h4 50. Kxa5 Kh6 51. Kb6 Kg5 52. Bh3 Kf4 53. Rf1+ Kxe5
54. d7 g2 55. Rg1 Kf4 56. Rxg2 Rxg2 57. Bxg2 Rxd7 58. a5 Kg3 59. Bc6 Rd6 60. a6
h3 61. a7 Rxc6+ 62. Kxc6 h2 63. Kc7 h1=Q 64. Kb8 f5 65. a8=Q Qxa8+ 66. Kxa8 f4
67. b4 f3 68. b5 f2 69. b6 f1=Q 70. b7 Qa6+ 71. Kb8 Kf4 72. Kc7 Qa7 73. Kc8
Qc5+ 74. Kd7 Qb6 75. Kc8 Qc6+ 76. Kb8 Ke5 77. Ka7 Qc7 78. Ka8 Qa5+ 79. Kb8 Kd6
0-1

[Event "OLBA 2122 Karlsruher SF 1853 - SC Bromb"]
[Site "?"]
[Date "2022.03.06"]
[Round "8.8"]
[White "Fidlin, Simon"]
[Black "Schwierskott, Marc"]
[Result "1-0"]
[WhiteElo "1941"]
[BlackElo "2137"]
[PlyCount "67"]
[EventDate "2022.??.??"]

1. d4 c5 2. d5 Nf6 3. Nc3 e5 4. e4 d6 5. Be3 Be7 6. f3 Nh5 7. Qd2 h6 8. g3 Bg5
9. Bb5+ Bd7 10. f4 exf4 11. gxf4 Bxf4 12. Bxd7+ Nxd7 13. Bxf4 Qh4+ 14. Bg3 Nxg3
15. Qf2 Nf5 16. exf5 Qb4 17. O-O-O Ne5 18. a3 Qa5 19. Nf3 O-O-O 20. Nxe5 dxe5
21. Qg3 b5 22. Ne4 b4 23. Qe3 c4 24. d6 c3 25. Qc5+ Qxc5 26. Nxc5 cxb2+ 27.
Kxb2 bxa3+ 28. Kxa3 h5 29. Rhg1 Rh6 30. Ne4 g6 31. fxg6 Rxg6 32. Rxg6 fxg6 33.
Nc5 e4 34. d7+ 1-0

[Event "OLBA 2122 SC Untergrombach - BG Buchen"]
[Site "?"]
[Date "2022.03.06"]
[Round "8.1"]
[White "Stojanovic, Mihajlo"]
[Black "Rogic, Davor"]
[Result "1/2-1/2"]
[WhiteElo "2500"]
[BlackElo "2446"]
[PlyCount "39"]
[EventDate "2022.??.??"]

1. d4 d5 2. c4 c6 3. cxd5 cxd5 4. Nf3 Nc6 5. Nc3 Nf6 6. Bf4 Nh5 7. Be5 e6 8. e3
Nf6 9. Bd3 Be7 10. Bg3 O-O 11. h3 b6 12. O-O Bb7 13. a3 Na5 14. Nd2 Qd7 15. Qe2
Rfc8 16. Rac1 Nc4 17. Ndb1 b5 18. Rc2 a5 19. b3 Nxa3 20. Nxa3 1/2-1/2

[Event "OLBA 2122 SC Untergrombach - BG Buchen"]
[Site "?"]
[Date "2022.03.06"]
[Round "8.2"]
[White "Podat, Vladimir"]
[Black "Dobosz, Henryk"]
[Result "1/2-1/2"]
[WhiteElo "2266"]
[BlackElo "2384"]
[PlyCount "176"]
[EventDate "2022.??.??"]

1. d4 d5 2. c4 e6 3. Nc3 Be7 4. cxd5 exd5 5. Bf4 Nf6 6. e3 O-O 7. Bd3 c6 8. h3
Nbd7 9. Nf3 Re8 10. O-O Nf8 11. Ne5 N6d7 12. a3 Nxe5 13. Bxe5 a5 14. Rb1 Be6
15. Qc2 f6 16. Bg3 Kh8 17. Rfd1 Bg8 18. b4 axb4 19. axb4 Nd7 20. b5 Nb6 21.
bxc6 bxc6 22. Nb5 cxb5 23. Bc7 Qc8 24. Bxb6 Qxc2 25. Bxc2 b4 26. Bc5 Bxc5 27.
dxc5 Rec8 28. Rxb4 Rxc5 29. Bb3 h6 30. Rbd4 Rb8 31. Bxd5 Bxd5 32. Rxd5 Rxd5 33.
Rxd5 Rb7 34. g4 Kg8 35. Kg2 Kf7 36. h4 g6 37. Kg3 Ra7 38. Rb5 Rc7 39. Ra5 Rb7
40. Kf4 Rb4+ 41. e4 Rb2 42. f3 Rb3 43. Ra7+ Ke6 44. Kg3 h5 45. gxh5 gxh5 46.
Ra5 Rb1 47. Rxh5 Rg1+ 48. Kf4 Rh1 49. Rh6 Re1 50. h5 Re2 51. Rg6 Rh2 52. Rh6
Re2 53. Rh8 Rh2 54. h6 Kf7 55. Kg3 Rh1 56. f4 Re1 57. Kf3 Rf1+ 58. Kg4 Rh1 59.
h7 Kg6 60. e5 fxe5 61. fxe5 Rf1 62. Rg8+ Kxh7 63. Rg5 Kh6 64. Rf5 Re1 65. Rf6+
Kg7 66. Kf5 Ra1 67. Rb6 Kf7 68. Rb7+ Ke8 69. Kf6 Re1 70. Ke6 Kf8 71. Rb8+ Kg7
72. Ra8 Re2 73. Re8 Ra2 74. Rd8 Re2 75. Rd5 Re1 76. Ke7 Ra1 77. e6 Kg6 78. Rd7
Ra8 79. Rc7 Kg7 80. Rb7 Kg6 81. Rd7 Kg7 82. Rc7 Kg6 83. Rc2 Ra7+ 84. Kd6 Ra6+
85. Rc6 Ra7 86. Rc7 Ra6+ 87. Kd7 Ra8 88. Ke7 Kg7 1/2-1/2

[Event "OLBA 2122 SC Untergrombach - BG Buchen"]
[Site "?"]
[Date "2022.03.06"]
[Round "8.3"]
[White "Eisenbeiser, Amadeus"]
[Black "Fuchs, Heinz"]
[Result "1-0"]
[WhiteElo "2389"]
[BlackElo "2242"]
[PlyCount "55"]
[EventDate "2022.??.??"]

1. e4 c5 2. Nf3 e6 3. d4 cxd4 4. Nxd4 a6 5. Bd3 Nf6 6. O-O d6 7. Nc3 Be7 8. Kh1
Nbd7 9. f4 Qc7 10. Qe2 b5 11. Bd2 O-O 12. b4 g6 13. a4 bxa4 14. Nxa4 e5 15. Nb3
exf4 16. Bxf4 Ne5 17. Be3 Nfd7 18. Na5 Bf6 19. Ra3 Bg7 20. Nc3 Nb6 21. Bxb6
Qxb6 22. Nd5 Qd8 23. Nc4 Nxd3 24. Rxd3 Be6 25. Nxd6 Qb8 26. Qd2 Be5 27. Ne7+
Kg7 28. Nc6 1-0

[Event "OLBA 2122 SC Untergrombach - BG Buchen"]
[Site "?"]
[Date "2022.03.06"]
[Round "8.4"]
[White "Schneider, Bernd"]
[Black "Mensch, Etienne"]
[Result "1/2-1/2"]
[WhiteElo "2230"]
[BlackElo "2306"]
[PlyCount "32"]
[EventDate "2022.??.??"]

1. e4 d6 2. d4 Nf6 3. Nc3 e5 4. dxe5 dxe5 5. Qxd8+ Kxd8 6. Bc4 Be6 7. Bxe6 fxe6
8. f3 Nbd7 9. Nh3 h6 10. Nf2 a6 11. Nd3 Bd6 12. Be3 Ke7 13. h4 g5 14. hxg5 hxg5
15. Kf2 g4 16. Rag1 Rag8 1/2-1/2

[Event "OLBA 2122 SC Untergrombach - BG Buchen"]
[Site "?"]
[Date "2022.03.06"]
[Round "8.5"]
[White "Miltner, Arndt"]
[Black "Kountz, Jochen"]
[Result "1/2-1/2"]
[WhiteElo "2261"]
[BlackElo "2290"]
[PlyCount "20"]
[EventDate "2022.??.??"]

1. b3 d5 2. Bb2 Nf6 3. g3 g6 4. Bg2 Bg7 5. Nf3 O-O 6. O-O Nbd7 7. c4 c6 8. d3
Re8 9. Nc3 Nf8 10. cxd5 Nxd5 1/2-1/2

[Event "OLBA 2122 SC Untergrombach - BG Buchen"]
[Site "?"]
[Date "2022.03.06"]
[Round "8.6"]
[White "Sieglen, Joachim"]
[Black "Becker, Matthias"]
[Result "0-1"]
[WhiteElo "2155"]
[BlackElo "2324"]
[PlyCount "70"]
[EventDate "2022.??.??"]

1. d4 g6 2. c4 Bg7 3. e4 d6 4. Nc3 e5 5. dxe5 dxe5 6. Qxd8+ Kxd8 7. f4 Nc6 8.
Nf3 Nd4 9. Bd3 Nxf3+ 10. gxf3 c6 11. fxe5 Bxe5 12. f4 Bg7 13. f5 Be5 14. O-O
Nf6 15. Ne2 gxf5 16. exf5 Rg8+ 17. Kh1 c5 18. Rg1 Ng4 19. Rg2 Bd7 20. Be4 Kc7
21. Bf4 Rae8 22. Rf1 Bxf4 23. Rxf4 Nf6 24. Rxg8 Rxg8 25. Nc3 Nxe4 26. Rxe4 Bc6
27. Nd5+ Kd6 28. h4 b5 29. b3 bxc4 30. bxc4 Bxd5 31. cxd5 Rc8 32. Kg2 c4 33.
Kf3 c3 34. Re1 c2 35. Rc1 Kxd5 0-1

[Event "OLBA 2122 SC Untergrombach - BG Buchen"]
[Site "?"]
[Date "2022.03.06"]
[Round "8.7"]
[White "Junesch, Gerhard"]
[Black "Krieger, Markus"]
[Result "1-0"]
[WhiteElo "2286"]
[BlackElo "2103"]
[PlyCount "107"]
[EventDate "2022.??.??"]

1. Nf3 d5 2. d4 Nf6 3. c4 c6 4. Nc3 dxc4 5. a4 Bf5 6. e3 e6 7. Ne5 Nfd7 8. Nxc4
Bb4 9. Be2 Nb6 10. Qb3 a5 11. O-O Nxc4 12. Bxc4 Qe7 13. e4 Bg6 14. f3 O-O 15.
Na2 Na6 16. Nxb4 Qxb4 17. Rd1 Rfd8 18. Bd2 Qxb3 19. Bxb3 Nc7 20. Kf2 Kf8 21.
Ke3 f6 22. Be1 Bf7 23. Bg3 Na6 24. Rac1 e5 25. Bxf7 exd4+ 26. Rxd4 Rxd4 27.
Kxd4 Kxf7 28. Be1 Nc7 29. Kc5 Ra6 30. Kd6 Ne6 31. Bf2 c5+ 32. Kd5 Rb6 33. Rc2
Nf4+ 34. Kc4 Rb4+ 35. Kxc5 Ke6 36. Rd2 Rxa4 37. Be3 Ng6 38. Rd6+ Ke7 39. Rb6
Ne5 40. Rxb7+ Nd7+ 41. Kd5 Ra1 42. Bc5+ Kd8 43. Bd6 Kc8 44. Rc7+ Kd8 45. Ra7
Kc8 46. Ke6 Nb6 47. Rc7+ Kd8 48. Rxg7 Kc8 49. Rc7+ Kd8 50. Rxh7 Kc8 51. Rc7+
Kd8 52. Rb7 Nc8 53. Rd7+ Ke8 54. Rh7 1-0

[Event "OLBA 2122 SC Untergrombach - BG Buchen"]
[Site "?"]
[Date "2022.03.06"]
[Round "8.8"]
[White "Nied, Pascal"]
[Black "Eisenbeiser, Karlheinz"]
[Result "1-0"]
[WhiteElo "1981"]
[BlackElo "1917"]
[PlyCount "59"]
[EventDate "2022.??.??"]

1. e4 g6 2. d4 Bg7 3. Nc3 d5 4. exd5 Nf6 5. Bc4 Nbd7 6. Nf3 Nb6 7. Bb3 Nbxd5 8.
Nxd5 Nxd5 9. O-O c6 10. h3 O-O 11. c4 Nc7 12. Be3 b6 13. Qd2 Bb7 14. Rad1 a5
15. Bc2 Na6 16. b3 Rc8 17. Be4 Ba8 18. h4 h5 19. Bh6 Qd6 20. Bb1 Bxh6 21. Qxh6
Qf6 22. Rfe1 e6 23. Ne5 Rc7 24. Rd3 Qg7 25. Qd2 Rd8 26. Rg3 Kf8 27. Nxg6+ fxg6
28. Rxg6 Qxd4 29. Qh6+ Rg7 30. Qh8+ 1-0

[Event "OLBA 2122 SC Viernheim II - OSG Baden-B"]
[Site "?"]
[Date "2022.03.20"]
[Round "9.1"]
[White "Milov, Vadim"]
[Black "Libiszewski, Fabien"]
[Result "1-0"]
[WhiteElo "2602"]
[BlackElo "2505"]
[PlyCount "77"]
[EventDate "2022.??.??"]

1. d4 Nf6 2. c4 g6 3. h4 Bg7 4. Nc3 c5 5. d5 O-O 6. h5 Nxh5 7. g4 Nf6 8. g5 Ng4
9. e4 d6 10. Be2 Ne5 11. f4 Ned7 12. Qd3 Re8 13. Nh3 Na6 14. a3 Nc7 15. Nf2 e6
16. dxe6 Nxe6 17. Ng4 Nd4 18. Qh3 Nf8 19. Nh6+ Kh8 20. Nxf7+ Kg8 21. Nh6+ Bxh6
22. Qxh6 Nc2+ 23. Kf2 Nxa1 24. b4 Nb3 25. Bb2 Nd4 26. Nd5 Re6 27. f5 Re7 28.
Nf6+ Kh8 29. Rd1 Bd7 30. bxc5 dxc5 31. Rxd4 cxd4 32. Bxd4 Bxf5 33. Nd5+ Kg8 34.
Bf6 Bxe4 35. Nxe7+ Kf7 36. Qg7+ Ke6 37. Nd5 Qd7 38. Nc7+ Kf5 39. Qh6 1-0